Stolice świata najbliżej miasta Kuwejt - Statystyki

Ogólne statystyki
  • Ten quiz został rozwiązany 112 razy
  • Średni wynik to 12 z 20
Statystyki odpowiedzi
km stolica % Poprawnych
772 Teheran
88%
534 Rijad
86%
557 Bagdad
81%
1190 Jerozolima
81%
1809 Ankara
78%
838 Abu Zabi
71%
1199 Damaszek
71%
1619 Kair
71%
1189 Amman
66%
1241 Baku
66%
1284 Bejrut
62%
1244 Erywań
61%
576 Doha
60%
1607 Sana
60%
1402 Tbilisi
60%
1515 Nikozja
52%
435 Manama
45%
1353 Aszchabad
24%
2044 Dżibuti
22%
1818 Asmara
20%
Nie znaleziono quizów pasujących do podanych kryteriów
Rozkład punktacji
Procent ludzi z każdym wynikiem
Percentyl według liczby udzielonych odpowiedzi
Twoja historia wyników
Nie rozwiązałeś tego quizu